[Event "Stuttgart-chB op"]
[Site "Ditzingen"]
[Date "2015.05.14"]
[Round "2"]
[White "Hoch, Jannik"]
[Black "Lang, Thomas1111"]
[Result "0-1"]
[WhiteElo "1325"]
[BlackElo "1653"]
[PlyCount "119"]
[EventDate "2015.05.17"]
[EventType "swiss"]
[EventRounds "7"]
[EventCountry "GER"]
[SourceTitle "EXT 2018"]
[Source "ChessBase"]
[SourceDate "2017.10.13"]
[SourceVersion "1"]
[SourceVersionDate "2017.10.13"]
[SourceQuality "1"]

1. e4 e6 2. d4 d5 3. e5 c5 4. c3 Nc6 5. Bb5 Qb6 6. Bxc6+ Qxc6 7. f4 Bd7 8. Nf3 Ne7 9. 0-0 Nf5 10. b3 Be7 11. Na3 0-0 12. Nc2 cxd4 13. cxd4 Rac8 14. Rf2 Qb6 15. Re2 Rc6 16. Ne3 Nxe3 17. Bxe3 Rfc8 18. Rc1 Rxc1 19. Bxc1 Qc7 20. Bb2 Bb5 21. Rf2 Bb4 22. Kh1 h6 23. a3 Ba5 24. b4 Bb6 25. a4 Bc4 26. a5 Bxa5 27. bxa5 Qxa5 28. Qa1 Qxa1+ 29. Bxa1 Bd3 30. Bb2 a5 31. Rd2 Be4 32. Kg1 b5 33. Ne1 b4 34. Nd3 Bxd3 35. Rxd3 a4 36. Kf1 Rc2 37. Ba3 bxa3 38. Rxa3 Rc4 39. Rd3 a3 40. Rxa3 Rxd4 41. g3 Kh7 42. Ra7 Kg6 43. Ke2 Rb4 44. Ra2 Re4+ 45. Kf3 Rc4 46. Rd2 Rc3+ 47. Ke2 Kf5 48. Rd3 Rxd3 49. Kxd3 Kg4 50. Kd4 Kh3 51. Kc5 Kxh2 52. f5 Kxg3 53. fxe6 fxe6 54. Kd6 d4 55. Kxe6 d3 56. Kf7 d2 57. e6 d1Q 58. e7 Qd7 59. Kf8 Qxe7+ 60. Kxe7 0-1